Sermon on The Mount - Statistics

General Stats
  • This quiz has been taken 158 times
  • The average score is 6 of 8
Answer Stats
Blessed are... % Correct
... the pure in {heart}: for they will see God
94%
....the {meek}: for they will inherit the earth
90%
... the poor in {spirit}: for theirs is the kingdom of Heaven.
85%
... those who {mourn}: for they will be comforted
77%
....those who hunger and thirst for {righteousness}: for they will be filled
73%
... the {merciful}: for they will be shown mercy
70%
....those who are {persecuted} for righteousness' sake: for theirs is the kingdom of heaven
64%
... the {peacemakers}: for they will be called children of God
63%
No matching quizzes found
Score Distribution
Percent of People with Each Score
Percentile by Number Answered
Your Score History
You have not taken this quiz